Africa: Geography and more by Letter H, I, J, K - Statistics

General Stats
  • This quiz has been taken 158 times
  • The average score is 11 of 18
Answer Stats
Hint Answer % Correct
Only Country in Africa beginning with K Kenya
94%
Capital beginning with "H" Harare
90%
Highest Mountain of Africa Kilimanjaro
90%
Big african desert Kalahari
86%
Capital beginning with "J" Juba
81%
Kinshasa
75%
Kigali
72%
Capitals beginning with "K" (please in alphabetic order) Kampala
70%
Khartoum
70%
And now: The second-highest Mountain of Africa (please type in "Mount" and then the name) Mount Kenya
68%
This Animal is also called "River Horse" Hippopotamus
66%
One of the biggest cities in Africa Johannesburg
56%
Dictator in Uganda, please only his well-known Fore- and Surname (without "Dada") Idi Amin
49%
Big City in Nigeria beginning with "K" Kano
48%
Big City in Nigeria beginning with "I" Ibadan
42%
Name giver of: 1. A National Park and 2. One of the most famous Gold-Coins of the World Paul Kruger
31%
One of the biggest Lakes of Africa Lake Kivu
14%
River in South Sudan Juba
13%
No matching quizzes found
Score Distribution
Percent of People with Each Score
Percentile by Number Answered
Your Score History
You have not taken this quiz